Jaque al psicoanalista / (Registro nro. 4592)

Detalles MARC
000 -LEADER
fixed length control field 00965nam a2200241Ia 4500
003 - CONTROL NUMBER IDENTIFIER
control field OSt
005 - DATE AND TIME OF LATEST TRANSACTION
control field 20250415153113.0
008 - FIXED-LENGTH DATA ELEMENTS--GENERAL INFORMATION
fixed length control field 191128s2018 ck er 000 f spa d
020 ## - INTERNATIONAL STANDARD BOOK NUMBER
International Standard Book Number 9789585477360
040 ## - CATALOGING SOURCE
Original cataloging agency CO-JMCR
Transcribing agency CO-JMCR
041 ## - LANGUAGE CODE
Language code of text/sound track or separate title spa
082 04 - DEWEY DECIMAL CLASSIFICATION NUMBER
Classification number A-N
Item number KATj
100 1# - MAIN ENTRY--PERSONAL NAME
Personal name katzenbach, John,
Relator term autor
9 (RLIN) 7378
245 10 - TITLE STATEMENT
Title Jaque al psicoanalista /
Statement of responsibility, etc. John Katzenbach ; traducción de Luara Paredes
250 ## - EDITION STATEMENT
Edition statement Primera edición
260 ## - PUBLICATION, DISTRIBUTION, ETC.
Place of publication, distribution, etc. Bogotá :
Name of publisher, distributor, etc. Penguin Ramdom House,
Date of publication, distribution, etc. 2018
300 ## - PHYSICAL DESCRIPTION
Extent 434 páginas ;
Dimensions 23 cm.
500 ## - GENERAL NOTE
General note Incluye datos biográficos del autor en solapa fronal.
520 ## - SUMMARY, ETC.
Summary, etc. Han pasado cinco años desde que el doctor Starks acabó con la pesadilla que casi le cuesta su vida y que arrasó con todo lo que había sido hasta entonces, descubríendole las facetas más oscuras del alma humana, también la suya
650 14 - SUBJECT ADDED ENTRY--TOPICAL TERM
Topical term or geographic name entry element Novela estadounidense
9 (RLIN) 7379
700 ## - ADDED ENTRY--PERSONAL NAME
Personal name Paredes, Laura,
Relator term traductor
9 (RLIN) 7380
942 ## - ADDED ENTRY ELEMENTS (KOHA)
Source of classification or shelving scheme Dewey Decimal Classification
Koha item type Books
Existencias
Withdrawn status Lost status Source of classification or shelving scheme Damaged status Not for loan Collection code Home library Current library Date acquired Source of acquisition Total Checkouts Total Renewals Full call number Barcode Date due Date last seen Date last checked out Copy number Koha item type Public note
    Dewey Decimal Classification     Fiction Biblioteca Pública José María del Castillo y Rada Biblioteca Pública José María del Castillo y Rada 11/28/2019 Donación 27 15 A-N KATj 201812659 05/05/2026 04/22/2026 04/22/2026 Ej.1 Books se reemplaza código de barras 201809596 por 201812659 por reposición